000 00780na a2200265 4500
001 15834
003 MIRAKIL
005 20181213155154.0
008 160924b tu 000 0
022 _a1309050X
035 _a15834
040 _aMilas
_btur
_cTR-AnCHP
082 _a323.05
_bİ57 2010
090 _a323.05 İ57 2010
222 _aDiyalog
245 _aDiyalog
_bDosyalar: hakikat ve insan hakları
246 _aDosyalar: hakikat ve insan hakları
246 _aİnsan hakları için diyalog dergisi
260 _aAnkara
_bKapasite Geliştirme Derneği
_c2010-
300 _a128 s.
_brnkl. res.
_c21 sm.
310 _a2 aylık
_bEylül-Ekim 2010
362 _aYıl 1, Sayı 7
650 _aİnsan hakları
_ySüreli yayınlar
_zTürkiye
942 _2ddc
_cBKS
999 _c7916
_d7916